Legendary Pokémon by Types - Statistics

General Stats
  • This quiz has been taken 196 times
  • The average score is 59 of 109
Answer Stats
Pokémon Answer % Correct
Arceus Normal
91%
Kyogre Water
86%
Groudon Ground
84%
Moltres Fire-Flying
83%
Zapdos Electric-Flying
82%
Articuno Ice-Flying
82%
Entei Fire
80%
Ho-Oh Fire-Flying
80%
Raikou Electric
79%
Regice Ice
79%
Registeel Steel
79%
Rayquaza Dragon-Flying
78%
Regirock Rock
78%
Suicune Water
78%
Regidrago Dragon
75%
Deoxys Psychic
74%
Regigigas Normal
73%
Regieleki Electric
72%
Mew Psychic
72%
Mew Two Psychic
72%
Thundurus Electric-Flying
71%
Tornadus Flying
70%
Lugia Psychic-Flying
70%
Landorus Ground-Flying
69%
Darkrai Dark
66%
Heatran Fire-Steel
66%
Giratina Ghost-Dragon
66%
Dialga Steel-Dragon
66%
Palkia Water-Dragon
65%
Azelf Psychic
64%
Mesprit Psychic
63%
Uxie Psychic
63%
Xerneas Fairy
61%
Manaphy Water
61%
Melmetal Steel
60%
Phione Water
60%
Reshiram Dragon-Fire
59%
Shaymin (Land) Grass
59%
Cresselia Psychic
59%
Celebi Psychic-Grass
59%
Meltan Steel
59%
Volcanion Water-Fire
59%
Shaymin (Sky) Grass-Flying
58%
Type: Null Normal
58%
Cosmog Psychic
58%
Cosmoem Psychic
58%
Yveltal Dark-Flying
57%
Zekrom Dragon-Electric
57%
Kyurem Dragon-Ice
56%
Diancie Rock-Fairy
55%
Kubfu Fighting
54%
Latias Dragon-Psychic
53%
Latios Dragon-Psychic
53%
Virizion Grass-Fighting
53%
Silvally Normal
53%
Cobalion Steel-Fighting
52%
Zacian (Crowned) Fairy-Steel
51%
Victini Psychic-Fire
51%
Terrakion Rock-Fighting
51%
Enamorus Fairy-Flying
50%
Jirachi Steel-Psychic
50%
Zeraora Electric
48%
Zygarde Ground-Dragon
48%
Solgaleo Steel-Psychic
48%
Buzzwole Bug-Fighting
47%
Xurkitree Electric
47%
Urshifu (Single Strike) Fighting-Dark
47%
Poipole Poison
47%
Genesect Steel-Bug
47%
Zamazenta (Crowned) Steel-Fighting
47%
Tapu Koko Electric-Fairy
46%
Lunala Ghost-Psychic
46%
Marshadow Fighting-Ghost
45%
Tapu Bulu Grass-Fairy
45%
Glastrier Ice
45%
Necrozma (Standard) Psychic
45%
Magearna Steel-Fairy
45%
Tapu Fini Water-Fairy
45%
Keldeo Water-Fighting
45%
Urshifu (Rapid Strike) Fighting-Water
43%
Spectrier Ghost
43%
Tapu Lele Psychic-Fairy
43%
Pheromosa Bug-Fighting
42%
Eternatus Poison-Dragon
42%
Naganadel Poison-Dragon
42%
Guzzlord Dark-Dragon
41%
Hoopa (Unbound) Dark-Psychic
39%
Kartana Grass-Steel
39%
Hoopa (Confined) Psychic-Ghost
39%
Zarude Dark-Grass
36%
Nihilego Poison-Rock
36%
Chien-Pao Dark-Ice
35%
Miraidon Electric-Dragon
35%
Koraidon Fighting-Dragon
34%
Ogerpon (Default) Grass
34%
Terapagos Normal
34%
Meloetta (Aria) Normal-Psychic
34%
Wo-Chien Dark-Grass
33%
Chi-Yu Dark-Fire
32%
Blacephalon Fire-Ghost
32%
Celesteela Steel-Flying
32%
Ting-Lu Dark-Ground
29%
Meloetta (Pirouette) Normal-Fighting
28%
Stakataka Rock-Steel
28%
Calyrex Psychic-Grass
26%
Okidogi Poison-Fighting
25%
Pecharunt Poison-Ghost
21%
Munkidori Poison-Psychic
21%
Fezandipiti Poison-Fairy
20%
No matching quizzes found
Score Distribution
Percent of People with Each Score
Percentile by Number Answered
Your Score History
You have not taken this quiz